000 nam a22 7a 4500
999 _c40606
_d40606
003 OSt
005 20170923110305.0
008 170923b xxu||||| |||| 00| 0 eng d
040 _csero soft
100 _aLee,Mal
245 _aCollabaration in learning
260 _aAustrailia
_bAcer Press
_c15-09-2017
300 _a126
942 _2ddc
_c01